[Event "XtraCon-Skakligaen"]
[Site "Denmark"]
[Date "2010.03.13"]
[Round "8.8"]
[White "Nielsen, John Bauneborg"]
[Black "Christensen, Bo Garner"]
[Result "1-0"]
[WhiteElo "2171"]
[BlackElo "2280"]
[PlyCount "153"]
[EventDate "2009.11.07"]
[EventType "team-tourn"]
[EventRounds "9"]
[WhiteTeam "Norresundby"]
[BlackTeam "K41"]
[WhiteTeamCountry "DEN"]
[BlackTeamCountry "DEN"]

1. d4 Nf6 2. Nc3 c5 3. dxc5 Qa5 4. Bd2 Qxc5 5. e4 d6 6. Be2 a6 7. Nf3 b5 8. O-O
e6 9. e5 dxe5 10. Be3 Qc7 11. Nxe5 Be7 12. Bf4 Qb6 13. a4 b4 14. a5 Qa7 15. Na4
Nd5 16. Nb6 Nxf4 17. Nxc8 Qc5 18. Nxe7 Kxe7 19. Nd3 Nxd3 20. Qxd3 Nc6 21. Rfd1
Rhd8 22. Qxh7 Qe5 23. Bf3 Rh8 24. Qe4 Qxh2+ 25. Kf1 Rac8 26. Qg4 Qe5 27. g3
Qb5+ 28. Kg2 Rh6 29. Qf4 Ne5 30. Be4 Rf6 31. Qe3 Ng4 32. Qa7+ Kf8 33. Rd2 g6
34. Bb7 Qg5 35. Rad1 Qh6 36. Bxc8 Qh2+ 37. Kf1 Qh1+ 38. Ke2 Qe4+ 39. Kf1 Nh2+
40. Kg1 Nf3+ 41. Kf1 Nxd2+ 42. Rxd2 Qc4+ 43. Kg1 Qxc8 44. Qd4 Kg7 45. Qe5 Qh8
46. Rd4 Qh5 47. Qxh5 gxh5 48. Rxb4 Rf5 49. Ra4 Kf8 50. Kf1 Ke7 51. Ke2 Kd6 52.
Rd4+ Kc5 53. Re4 Kb5 54. b4 Ka4 55. f4 h4 56. gxh4 Rh5 57. Kd3 Rxh4 58. Kc4 Rh8
59. Kc5 Rb8 60. c3 Kb3 61. Re3 Rb5+ 62. Kd6 Kc4 63. Kc6 Rb8 64. Kc7 Rb5 65. Re5
Rd5 66. Kc6 Kxc3 67. b5 axb5 68. Rxd5 exd5 69. a6 b4 70. a7 d4 71. a8=Q d3 72.
Qa1+ Kc2 73. Qa2+ Kc3 74. Kd5 b3 75. Qb1 b2 76. Ke4 d2 77. Ke3 1-0

[Event "XtraCon-Skakligaen"]
[Site "Denmark"]
[Date "2010.03.13"]
[Round "8.1"]
[White "Schandorff, Lars"]
[Black "Pedersen, Daniel V"]
[Result "1-0"]
[WhiteElo "2501"]
[BlackElo "2303"]
[PlyCount "37"]
[EventDate "2009.11.07"]
[EventType "team-tourn"]
[EventRounds "9"]
[WhiteTeam "Sydostfyn"]
[BlackTeam "Aalborg"]
[WhiteTeamCountry "DEN"]
[BlackTeamCountry "DEN"]

1. d4 d5 2. c4 e6 3. Nc3 Be7 4. cxd5 exd5 5. Bf4 Nf6 6. e3 O-O 7. Bd3 c5 8.
dxc5 Bxc5 9. Nge2 Nc6 10. O-O Bg4 11. Rc1 h6 12. Qb3 Na5 13. Qa4 Bb6 14. Be5
Be6 15. Nf4 Rc8 16. Bxf6 gxf6 17. Nce2 Qd6 18. Nxe6 Qxe6 19. Qf4 1-0

[Event "XtraCon-Skakligaen"]
[Site "Denmark"]
[Date "2010.03.13"]
[Round "8.2"]
[White "Hellegaard, Carsten"]
[Black "Aagaard, Jacob"]
[Result "0-1"]
[WhiteElo "2225"]
[BlackElo "2538"]
[PlyCount "52"]
[EventDate "2009.11.07"]
[EventType "team-tourn"]
[EventRounds "9"]
[WhiteTeam "Aalborg"]
[BlackTeam "Sydostfyn"]
[WhiteTeamCountry "DEN"]
[BlackTeamCountry "DEN"]

1. b3 d5 2. Bb2 Nf6 3. Nf3 c6 4. e3 Bg4 5. h3 Bh5 6. d3 Nbd7 7. Nbd2 e6 8. g4
Bg6 9. Nh4 Bd6 10. Qe2 e5 11. f4 exf4 12. exf4+ Kf8 13. Qf3 Qc7 14. Ng2 Re8+
15. Be2 h6 16. O-O-O Qa5 17. Kb1 Bb4 18. Nf1 Bc3 19. Ng3 d4 20. f5 Bh7 21. Bxc3
dxc3 22. d4 Nd5 23. Rd3 N7b6 24. Ne3 Rxe3 25. Rxe3 Qa3 26. Rxc3 Na4 0-1

[Event "XtraCon-Skakligaen"]
[Site "Denmark"]
[Date "2010.03.13"]
[Round "8.3"]
[White "Pedersen, Steffen"]
[Black "Nielsen, Jorgen G"]
[Result "1/2-1/2"]
[WhiteElo "2428"]
[BlackElo "2171"]
[PlyCount "47"]
[EventDate "2009.11.07"]
[EventType "team-tourn"]
[EventRounds "9"]
[WhiteTeam "Sydostfyn"]
[BlackTeam "Aalborg"]
[WhiteTeamCountry "DEN"]
[BlackTeamCountry "DEN"]

1. e4 g6 2. d4 Bg7 3. c4 c5 4. d5 e5 5. Nc3 d6 6. Bd3 Ne7 7. h4 h5 8. Nge2 Nd7
9. f3 Nf6 10. Bg5 Nh7 11. Bd2 O-O 12. Qc2 Bd7 13. O-O-O a6 14. g4 hxg4 15. fxg4
Bxg4 16. Rdg1 Qd7 17. Ng3 Nf6 18. Bg5 Nh5 19. Nxh5 gxh5 20. Be2 f5 21. Bxe7
Qxe7 22. exf5 Bxf5 23. Bd3 Bg4 24. Ne4 1/2-1/2

[Event "XtraCon-Skakligaen"]
[Site "Denmark"]
[Date "2010.03.13"]
[Round "8.4"]
[White "Nielsen, Finn Winther"]
[Black "Borbjerggaard, Lars"]
[Result "0-1"]
[WhiteElo "2028"]
[BlackElo "2335"]
[PlyCount "156"]
[EventDate "2009.11.07"]
[EventType "team-tourn"]
[EventRounds "9"]
[WhiteTeam "Aalborg"]
[BlackTeam "Sydostfyn"]
[WhiteTeamCountry "DEN"]
[BlackTeamCountry "DEN"]

1. e4 c6 2. d4 d5 3. exd5 cxd5 4. Bd3 Nc6 5. c3 g6 6. Bf4 Nh6 7. Nf3 Bf5 8. O-O
Bxd3 9. Qxd3 Nf5 10. Nbd2 Bg7 11. Rfe1 O-O 12. Ne5 Nxe5 13. Bxe5 f6 14. Bf4 Qd7
15. h3 Rfe8 16. Nf3 Rac8 17. Re2 Nd6 18. Bxd6 Qxd6 19. Rae1 Kf7 20. Nh2 e6 21.
Qf3 b5 22. a3 a5 23. Ng4 b4 24. axb4 axb4 25. Ne5+ Kg8 26. Ng4 f5 27. Ne5 bxc3
28. bxc3 Qa3 29. Nd3 Qxc3 30. Rxe6 Red8 31. Re7 Qxd4 32. Qe2 Kf8 33. Qe6 Qf6
34. Qe2 Qd4 35. Nf4 Qc4 36. Rxg7 Qxe2 37. Rxe2 Kxg7 38. Ne6+ Kf6 39. Nxd8 Rxd8
40. f4 Ra8 41. Kf2 Ra7 42. Re5 Ra2+ 43. Kf3 Rd2 44. Re3 Rc2 45. Re5 Rd2 46. Re3
Rd1 47. Ke2 Rd4 48. Kf3 Re4 49. Ra3 h5 50. Ra6+ Re6 51. Ra5 d4 52. Rd5 Re3+ 53.
Kf2 Re4 54. Kf3 h4 55. Rd8 Ke6 56. g4 Re3+ 57. Kf2 Rxh3 58. gxf5+ Kxf5 59. Rxd4
Ra3 60. Kg2 Re3 61. Rd6 Re4 62. Kh3 Rxf4 63. Rd5+ Kf6 64. Rd6+ Kg5 65. Rd5+ Rf5
66. Rd3 Kh5 67. Rd8 Rf3+ 68. Kg2 Ra3 69. Rd5+ g5 70. Kh2 Re3 71. Rb5 Kg4 72.
Rb4+ Kf5 73. Ra4 g4 74. Ra5+ Kf4 75. Ra4+ Kf3 76. Ra8 Re2+ 77. Kg1 g3 78. Rf8+
Kg4 0-1

[Event "XtraCon-Skakligaen"]
[Site "Denmark"]
[Date "2010.03.13"]
[Round "8.5"]
[White "Nordenbaek, Jan"]
[Black "Andersen, Soren"]
[Result "1-0"]
[WhiteElo "2210"]
[BlackElo "2082"]
[PlyCount "81"]
[EventDate "2009.11.07"]
[EventType "team-tourn"]
[EventRounds "9"]
[WhiteTeam "Sydostfyn"]
[BlackTeam "Aalborg"]
[WhiteTeamCountry "DEN"]
[BlackTeamCountry "DEN"]

1. Nf3 Nf6 2. c4 e6 3. Nc3 d5 4. d4 c6 5. Bg5 dxc4 6. e4 b5 7. e5 h6 8. Bh4 g5
9. Nxg5 hxg5 10. Bxg5 Nbd7 11. exf6 Bb7 12. g3 c5 13. d5 Nxf6 14. Bg2 Be7 15.
O-O Nxd5 16. Bxe7 Kxe7 17. Qg4 Nf6 18. Qg5 Rh5 19. Qf4 Qb8 20. Qxb8 Rxb8 21. a4
b4 22. Nd1 Ba6 23. Re1 Rd8 24. Rc1 Rd2 25. Bf1 Rhd5 26. Ne3 Re5 27. b3 Nd5 28.
Nxc4 Rxe1 29. Rxe1 Bxc4 30. Bxc4 Nb6 31. Bb5 a5 32. h4 Rb2 33. Re3 Nd5 34. Rd3
Nc3 35. h5 Rxb3 36. h6 Ne2+ 37. Kf1 Rxd3 38. Bxd3 Nc1 39. h7 Nxd3 40. h8=Q c4
41. Qd4 1-0

[Event "XtraCon-Skakligaen"]
[Site "Denmark"]
[Date "2010.03.13"]
[Round "8.6"]
[White "Hansen, John Nyholm"]
[Black "Nohr, Finn"]
[Result "1/2-1/2"]
[WhiteElo "2089"]
[BlackElo "2079"]
[PlyCount "52"]
[EventDate "2009.11.07"]
[EventType "team-tourn"]
[EventRounds "9"]
[WhiteTeam "Aalborg"]
[BlackTeam "Sydostfyn"]
[WhiteTeamCountry "DEN"]
[BlackTeamCountry "DEN"]

1. e4 c5 2. Nf3 d6 3. d4 cxd4 4. Nxd4 Nf6 5. Nc3 a6 6. Be2 e5 7. Nb3 Be7 8. Be3
Be6 9. f4 exf4 10. Bxf4 Nc6 11. O-O O-O 12. Kh1 Ne5 13. Nd4 Bd7 14. Qd2 h6 15.
Rad1 Rc8 16. Nf5 Bxf5 17. exf5 Qb6 18. Rb1 Rfe8 19. Be3 Qc6 20. Rbd1 b5 21. a3
Bd8 22. Bd4 Kh7 23. Qf4 Be7 24. Qd2 Bf8 25. Qf4 Be7 26. Qd2 Bf8 1/2-1/2

[Event "XtraCon-Skakligaen"]
[Site "Denmark"]
[Date "2010.03.13"]
[Round "8.8"]
[White "Christensen, Jens Johan"]
[Black "Hansen, Ib Lynaes"]
[Result "1/2-1/2"]
[WhiteElo "2009"]
[BlackElo "1920"]
[PlyCount "111"]
[EventDate "2009.11.07"]
[EventType "team-tourn"]
[EventRounds "9"]
[WhiteTeam "Aalborg"]
[BlackTeam "Sydostfyn"]
[WhiteTeamCountry "DEN"]
[BlackTeamCountry "DEN"]

1. d4 Nf6 2. Nf3 c5 3. d5 d6 4. c4 g6 5. Nc3 Bg7 6. e4 O-O 7. Bd3 Bg4 8. h3
Bxf3 9. Qxf3 Nbd7 10. Qe2 a6 11. O-O Nh5 12. g4 Nhf6 13. f4 e5 14. f5 h6 15.
Qf3 Kh7 16. Bd2 Ng8 17. Kg2 Bf6 18. Rh1 Bg5 19. Be1 Bh4 20. Ne2 Bxe1 21. Raxe1
Qa5 22. a3 b5 23. h4 Rab8 24. cxb5 axb5 25. Ng3 c4 26. Bb1 Kg7 27. Re2 b4 28.
axb4 Rxb4 29. g5 Rb3 30. f6+ Kh7 31. Qg4 Qb5 32. h5 Ndxf6 33. gxf6 Rxb2 34. Bc2
Nxf6 35. hxg6+ fxg6 36. Qh3 h5 37. Rf2 Qe8 38. Qh4 Kg8 39. Rhf1 Nh7 40. Kg1 Rf4
41. Rxf4 exf4 42. Qxf4 Rxc2 43. Qxd6 Rb2 44. e5 c3 45. Qc7 c2 46. e6 Rb1 47.
Qxc2 Rxf1+ 48. Nxf1 Ng5 49. Qc7 Nxe6 50. dxe6 Qxe6 51. Qd8+ Kf7 52. Qc7+ Qe7
53. Qf4+ Qf6 54. Qc7+ Qe7 55. Qf4+ Qf6 56. Qc7+ 1/2-1/2

[Event "XtraCon-Skakligaen"]
[Site "Denmark"]
[Date "2010.03.13"]
[Round "8.1"]
[White "Hillarp Persson, Tiger"]
[Black "Rasmussen, Karsten"]
[Result "0-1"]
[WhiteElo "2576"]
[BlackElo "2429"]
[PlyCount "84"]
[EventDate "2009.11.07"]
[EventType "team-tourn"]
[EventRounds "9"]
[WhiteTeam "Bronshoj"]
[BlackTeam "Aarhus/skolerne"]
[WhiteTeamCountry "DEN"]
[BlackTeamCountry "DEN"]

1. d4 d5 2. c4 c6 3. Nf3 Nf6 4. Nc3 e6 5. Bg5 h6 6. Bxf6 Qxf6 7. e3 g6 8. Bd3
Bg7 9. e4 dxe4 10. Nxe4 Qd8 11. c5 O-O 12. Nd6 b6 13. b4 Nd7 14. O-O a5 15. Qa4
b5 16. Qa3 e5 17. Be4 Ra6 18. dxe5 axb4 19. Qxb4 Nxe5 20. Rad1 Qf6 21. Nxe5
Qxe5 22. Rfe1 Qc3 23. Qxc3 Bxc3 24. Re2 Be6 25. Rc2 b4 26. Bd3 Rxa2 27. Rxa2
Bxa2 28. Be4 Bb3 29. Rb1 Ba4 30. Bd3 b3 31. Nc4 Rd8 32. Bf1 b2 33. Nxb2 Bxb2
34. Rxb2 Rd1 35. f4 Bb5 36. Rf2 Kg7 37. g4 Kf6 38. g5+ hxg5 39. fxg5+ Ke7 40.
h4 Rxf1+ 41. Rxf1 Bxf1 42. Kxf1 Ke6 0-1

[Event "XtraCon-Skakligaen"]
[Site "Denmark"]
[Date "2010.03.13"]
[Round "8.2"]
[White "Sorensen, Jan"]
[Black "Bromann, Thorbjorn"]
[Result "1/2-1/2"]
[WhiteElo "2423"]
[BlackElo "2434"]
[PlyCount "66"]
[EventDate "2009.11.07"]
[EventType "team-tourn"]
[EventRounds "9"]
[WhiteTeam "Aarhus/skolerne"]
[BlackTeam "Bronshoj"]
[WhiteTeamCountry "DEN"]
[BlackTeamCountry "DEN"]

1. e4 e5 2. Nf3 Nc6 3. d4 exd4 4. Nxd4 Nf6 5. Nxc6 bxc6 6. Bd3 d5 7. O-O dxe4
8. Qe1 Qe7 9. Qc3 Qc5 10. Re1 Be6 11. Qxc5 Bxc5 12. Bxe4 Nxe4 13. Rxe4 O-O-O
14. Nc3 Bf5 15. Re2 Bg4 16. Re1 Bb4 17. Be3 a6 18. a3 Bxc3 19. bxc3 Rhe8 20.
Bd4 g6 21. Kf1 Bf5 22. Rxe8 Rxe8 23. Re1 Rxe1+ 24. Kxe1 Bxc2 25. Kd2 Bb1 26.
Ke3 Kd7 27. Ba7 Kd6 28. Kd4 Ba2 29. g3 g5 30. h4 f6 31. Bc5+ Ke6 32. Bb4 Kf5
33. Be7 gxh4 1/2-1/2

[Event "XtraCon-Skakligaen"]
[Site "Denmark"]
[Date "2010.03.13"]
[Round "8.3"]
[White "Hoi, Carsten"]
[Black "Skytte, Rasmus"]
[Result "1-0"]
[WhiteElo "2393"]
[BlackElo "2386"]
[PlyCount "79"]
[EventDate "2009.11.07"]
[EventType "team-tourn"]
[EventRounds "9"]
[WhiteTeam "Bronshoj"]
[BlackTeam "Aarhus/skolerne"]
[WhiteTeamCountry "DEN"]
[BlackTeamCountry "DEN"]

1. Nf3 b6 2. d4 Bb7 3. c4 e6 4. a3 f5 5. Nc3 Be7 6. d5 Bf6 7. Qc2 Bxc3+ 8. Qxc3
Nf6 9. Bg5 O-O 10. O-O-O exd5 11. cxd5 Na6 12. Bxf6 Qxf6 13. Qxf6 Rxf6 14. b4
Nb8 15. e3 d6 16. Kb2 Nd7 17. Bc4 Rg6 18. g3 Ne5 19. Nxe5 dxe5 20. d6+ Kf8 21.
dxc7 Rc8 22. Rd7 Rc6 23. Bd5 R8xc7 24. Bxc6 Rxd7 25. Bxd7 Bxh1 26. Bxf5 h6 27.
f4 exf4 28. exf4 Ke7 29. Kc3 Kd6 30. Kd4 Bd5 31. h4 Bf7 32. g4 Be8 33. g5 hxg5
34. fxg5 g6 35. Bc2 Bf7 36. Be4 Be8 37. Bd5 Ke7 38. Ke5 Bd7 39. h5 gxh5 40. g6
1-0

[Event "XtraCon-Skakligaen"]
[Site "Denmark"]
[Date "2010.03.13"]
[Round "8.4"]
[White "Christensen, Tobias"]
[Black "Pilgaard, Kim"]
[Result "0-1"]
[WhiteElo "2352"]
[BlackElo "2435"]
[PlyCount "56"]
[EventDate "2009.11.07"]
[EventType "team-tourn"]
[EventRounds "9"]
[WhiteTeam "Aarhus/skolerne"]
[BlackTeam "Bronshoj"]
[WhiteTeamCountry "DEN"]
[BlackTeamCountry "DEN"]

1. Nf3 Nf6 2. g3 b6 3. Bg2 Bb7 4. O-O g6 5. b4 Bg7 6. Bb2 c5 7. bxc5 bxc5 8. d3
O-O 9. Nbd2 Nc6 10. Rb1 Rb8 11. Bxf6 exf6 12. Nb3 d6 13. d4 c4 14. Nbd2 Ba6 15.
Rxb8 Nxb8 16. c3 Qa5 17. Qc2 f5 18. Rb1 Nd7 19. Rb4 Nb6 20. e4 fxe4 21. Nxe4
Rd8 22. Nfd2 Bxd4 23. Rb1 Bg7 24. Rc1 d5 25. Ng5 d4 26. Ndf3 d3 27. Qd2 h6 28.
Ne4 f5 0-1

[Event "XtraCon-Skakligaen"]
[Site "Denmark"]
[Date "2010.03.13"]
[Round "8.5"]
[White "Carstensen, Jacob"]
[Black "Boe, Mads"]
[Result "0-1"]
[WhiteElo "2317"]
[BlackElo "2326"]
[PlyCount "126"]
[EventDate "2009.11.07"]
[EventType "team-tourn"]
[EventRounds "9"]
[WhiteTeam "Bronshoj"]
[BlackTeam "Aarhus/skolerne"]
[WhiteTeamCountry "DEN"]
[BlackTeamCountry "DEN"]

1. e4 c6 2. d4 d5 3. Nc3 dxe4 4. Nxe4 Bf5 5. Ng3 Bg6 6. Nf3 Nd7 7. Bd3 Ngf6 8.
O-O e6 9. Re1 Be7 10. Ng5 Nd5 11. h4 Nb4 12. Bxg6 hxg6 13. a3 Na6 14. Qd3 Nc7
15. Bf4 Nf8 16. Qf3 Bxg5 17. hxg5 Nd5 18. Ne4 Nxf4 19. Qxf4 Ke7 20. c4 Qb8 21.
Qxb8 Rxb8 22. d5 cxd5 23. cxd5 exd5 24. Nc3+ Ne6 25. Nxd5+ Kf8 26. Rac1 Rd8 27.
Re5 Rh4 28. Nc3 Rhd4 29. Kf1 Rd2 30. Rb1 Nf4 31. Re4 Ne6 32. Re2 R2d4 33. g3
Nxg5 34. Nb5 R4d5 35. Nc3 Rd3 36. Kg2 Ne6 37. Ne4 Nd4 38. Rd2 Rxd2 39. Nxd2 Ne6
40. Nf3 f6 41. Rc1 g5 42. Rc2 Kf7 43. Kf1 g6 44. Ke1 g4 45. Nd2 Rd7 46. Nb3 Ng5
47. Nd2 f5 48. Rc8 Re7+ 49. Kf1 Rd7 50. Ke1 a6 51. Ke2 Nh3 52. Rc2 Kf6 53. b4
g5 54. a4 Ng1+ 55. Ke3 Re7+ 56. Kd3 Nf3 57. Nxf3 gxf3 58. b5 axb5 59. axb5 Re5
60. b6 Rb5 61. Rc8 Rxb6 62. Rf8+ Kg6 63. Rg8+ Kh5 0-1

[Event "XtraCon-Skakligaen"]
[Site "Denmark"]
[Date "2010.03.13"]
[Round "8.6"]
[White "Pedersen, Finn"]
[Black "Bekker Jensen, David"]
[Result "0-1"]
[WhiteElo "2334"]
[BlackElo "2343"]
[PlyCount "70"]
[EventDate "2009.11.07"]
[EventType "team-tourn"]
[EventRounds "9"]
[WhiteTeam "Aarhus/skolerne"]
[BlackTeam "Bronshoj"]
[WhiteTeamCountry "DEN"]
[BlackTeamCountry "DEN"]

1. c4 Nf6 2. Nc3 g6 3. g3 Bg7 4. Bg2 O-O 5. e3 c6 6. Nge2 d5 7. cxd5 cxd5 8. d4
Nc6 9. O-O e6 10. a3 Ne8 11. b4 Nd6 12. Qd3 b6 13. f3 Bb7 14. Bd2 Qd7 15. Be1
Nb8 16. Bf2 Ba6 17. Qb1 Bc4 18. e4 Nb5 19. Rd1 Nc6 20. exd5 exd5 21. a4 Nxc3
22. Nxc3 Qd6 23. b5 Na5 24. Qb2 Rac8 25. f4 Rc7 26. Qa3 Qd7 27. Nb1 Nb3 28. Ra2
Nxd4 29. Bxd4 Bxd4+ 30. Rxd4 Bxa2 31. Qxa2 Rc1+ 32. Bf1 Qh3 33. Nd2 Re8 34.
Qxd5 Re2 35. Qh1 Rxd2 0-1

[Event "XtraCon-Skakligaen"]
[Site "Denmark"]
[Date "2010.03.13"]
[Round "8.7"]
[White "Brinck Claussen, Bjorn"]
[Black "Rewitz, Poul"]
[Result "1/2-1/2"]
[WhiteElo "2300"]
[BlackElo "2298"]
[PlyCount "74"]
[EventDate "2009.11.07"]
[EventType "team-tourn"]
[EventRounds "9"]
[WhiteTeam "Bronshoj"]
[BlackTeam "Aarhus/skolerne"]
[WhiteTeamCountry "DEN"]
[BlackTeamCountry "DEN"]

1. e4 c6 2. d4 d5 3. Nc3 b5 4. a3 dxe4 5. Nxe4 Bf5 6. Ng3 Bg6 7. a4 b4 8. h4 h6
9. Nf3 Nd7 10. h5 Bh7 11. Bd3 Bxd3 12. Qxd3 e6 13. Ne4 Ngf6 14. Bf4 Nxe4 15.
Qxe4 Rc8 16. Be5 Qa5 17. Nd2 Qd5 18. Rh3 f5 19. Qxd5 cxd5 20. O-O-O Nxe5 21.
dxe5 Bc5 22. f4 Bb6 23. Rb3 a5 24. Kb1 Rc6 25. c3 bxc3 26. bxc3 O-O 27. c4 dxc4
28. Rc3 Rd8 29. Kc2 Rd4 30. g3 Bd8 31. Nf3 Rxd1 32. Kxd1 Kf7 33. Nd2 g6 34.
Nxc4 Kg7 35. Rd3 Bc7 36. Rd7+ Kf8 37. Nd2 gxh5 1/2-1/2

[Event "XtraCon-Skakligaen"]
[Site "Denmark"]
[Date "2010.03.13"]
[Round "8.8"]
[White "Rendboe, John Filip"]
[Black "Palm, Nikolaj"]
[Result "1-0"]
[WhiteElo "2247"]
[BlackElo "2276"]
[PlyCount "79"]
[EventDate "2009.11.07"]
[EventType "team-tourn"]
[EventRounds "9"]
[WhiteTeam "Aarhus/skolerne"]
[BlackTeam "Bronshoj"]
[WhiteTeamCountry "DEN"]
[BlackTeamCountry "DEN"]

1. d4 d5 2. c4 e6 3. Nc3 c6 4. Nf3 f5 5. Bf4 Nf6 6. e3 Be7 7. Be2 O-O 8. O-O b6
9. Rc1 Bb7 10. Qb3 Ne4 11. cxd5 exd5 12. Nxe4 fxe4 13. Ne5 Bd6 14. f3 exf3 15.
Rxf3 Bxe5 16. dxe5 Qd7 17. Rh3 Qe6 18. Qc2 g6 19. Rg3 Nd7 20. Bg4 Qe7 21. Bg5
Qg7 22. Be6+ Kh8 23. Bxd7 Qxd7 24. Bf6+ Rxf6 25. exf6 Re8 26. Rf1 Qf7 27. h4
Re5 28. Qc3 Re4 29. h5 c5 30. b3 Ba6 31. Rf2 d4 32. exd4 cxd4 33. Qb4 Bb7 34.
hxg6 hxg6 35. Qd2 Rh4 36. Qg5 Qh7 37. Qxh4 Qxh4 38. f7 Qxg3 39. f8=Q+ Kh7 40.
Rf7# 1-0

[Event "XtraCon-Skakligaen"]
[Site "Denmark"]
[Date "2010.03.14"]
[Round "9.1"]
[White "Rasmussen, Karsten"]
[Black "Lund, Silas"]
[Result "0-1"]
[WhiteElo "2429"]
[BlackElo "2411"]
[PlyCount "62"]
[EventDate "2009.11.07"]
[EventType "team-tourn"]
[EventRounds "9"]
[WhiteTeam "Aarhus/skolerne"]
[BlackTeam "K41"]
[WhiteTeamCountry "DEN"]
[BlackTeamCountry "DEN"]

1. c4 e6 2. Nc3 d5 3. d4 c6 4. Nf3 Nf6 5. g3 Nbd7 6. Bg2 Bd6 7. O-O O-O 8. Qc2
Qe7 9. e4 Nxe4 10. Nxe4 dxe4 11. Qxe4 e5 12. Re1 f5 13. Qc2 e4 14. Ng5 h6 15.
Nh3 Nf6 16. f3 Qf7 17. fxe4 Nxe4 18. Bf4 Bb4 19. Rf1 Be6 20. c5 Bc4 21. Rfd1
Rae8 22. Bf1 Bxf1 23. Rxf1 g5 24. Bc1 Qd5 25. Rd1 Rf7 26. Qa4 Nxg3 27. hxg3 Re2
28. Nf2 Qf3 29. Rf1 Qxg3+ 30. Kh1 Qf3+ 31. Kg1 Be1 0-1

[Event "XtraCon-Skakligaen"]
[Site "Denmark"]
[Date "2010.03.14"]
[Round "9.2"]
[White "Hagen, Andreas Skytte"]
[Black "Sorensen, Jan"]
[Result "0-1"]
[WhiteElo "2331"]
[BlackElo "2423"]
[PlyCount "110"]
[EventDate "2009.11.07"]
[EventType "team-tourn"]
[EventRounds "9"]
[WhiteTeam "K41"]
[BlackTeam "Aarhus/skolerne"]
[WhiteTeamCountry "DEN"]
[BlackTeamCountry "DEN"]

1. e4 e6 2. d4 d5 3. Nc3 Nc6 4. Nf3 Nf6 5. Bd3 Bb4 6. O-O Bxc3 7. exd5 exd5 8.
bxc3 O-O 9. Re1 Bg4 10. h3 Bh5 11. Bg5 Qd6 12. g4 Bg6 13. Bh4 Ne4 14. c4 Rae8
15. cxd5 Qxd5 16. c4 Qa5 17. a3 Qc3 18. Re3 Nxf2 19. Bxf2 Rxe3 20. Bxe3 Bxd3
21. d5 Be2 22. Qc1 Qf6 23. Nh2 Nd4 24. Ra2 Re8 25. Qd2 Nf3+ 26. Nxf3 Qxf3 27.
Qxe2 Qg3+ 28. Qg2 Qxe3+ 29. Kh2 Qf4+ 30. Qg3 Qxc4 31. Rf2 Qxd5 32. Qxc7 Qe5+
33. Qxe5 Rxe5 34. Rc2 g6 35. Rc7 Rb5 36. a4 Rb3 37. g5 Kg7 38. Kg2 Rb4 39. Kg3
Rxa4 40. Rxb7 a5 41. Ra7 Ra1 42. Kg2 a4 43. Kh2 a3 44. Kg2 a2 45. Kh2 h6 46. h4
hxg5 47. hxg5 Kf8 48. Kg2 Re1 49. Rxa2 Re5 50. Kf3 Rxg5 51. Ra7 Kg7 52. Ra6 Rb5
53. Kg4 Rb4+ 54. Kg3 f5 55. Ra8 Kf6 0-1

[Event "XtraCon-Skakligaen"]
[Site "Denmark"]
[Date "2010.03.14"]
[Round "9.3"]
[White "Skytte, Rasmus"]
[Black "Greger, Roland Reinhard"]
[Result "1/2-1/2"]
[WhiteElo "2386"]
[BlackElo "2382"]
[PlyCount "64"]
[EventDate "2009.11.07"]
[EventType "team-tourn"]
[EventRounds "9"]
[WhiteTeam "Aarhus/skolerne"]
[BlackTeam "K41"]
[WhiteTeamCountry "DEN"]
[BlackTeamCountry "DEN"]

1. e4 e6 2. b3 d5 3. Bb2 Nf6 4. e5 Nfd7 5. c4 Nb6 6. Nf3 c5 7. cxd5 Nxd5 8. Nc3
Nc6 9. Bb5 Bd7 10. Bc4 Nxc3 11. Bxc3 Qb6 12. O-O Nd4 13. Ng5 h6 14. Ne4 Bc6 15.
Bxd4 cxd4 16. Qe2 Rd8 17. Kh1 d3 18. Bxd3 Qd4 19. Bb5 Qxe5 20. Bxc6+ bxc6 21.
f4 Qb5 22. Qe3 Qd3 23. Rac1 Qxe3 24. dxe3 f5 25. Ng3 c5 26. Rfd1 Bd6 27. Ne2
Ke7 28. Nc3 c4 29. bxc4 Ba3 30. Rb1 Rxd1+ 31. Rxd1 Rc8 32. Nb5 Bc5 1/2-1/2

[Event "XtraCon-Skakligaen"]
[Site "Denmark"]
[Date "2010.03.14"]
[Round "9.4"]
[White "Rasmussen, Casper Dahl"]
[Black "Christensen, Tobias"]
[Result "0-1"]
[WhiteElo "2373"]
[BlackElo "2352"]
[PlyCount "114"]
[EventDate "2009.11.07"]
[EventType "team-tourn"]
[EventRounds "9"]
[WhiteTeam "K41"]
[BlackTeam "Aarhus/skolerne"]
[WhiteTeamCountry "DEN"]
[BlackTeamCountry "DEN"]

1. Nf3 g6 2. c4 d6 3. d4 Bg7 4. Nc3 Nd7 5. g3 c5 6. Bg2 a6 7. O-O cxd4 8. Nxd4
Ngf6 9. b3 O-O 10. Bb2 Rb8 11. Qd2 Nc5 12. Rfd1 Bd7 13. Rac1 Re8 14. h3 Qa5 15.
Nc2 Nfe4 16. Nxe4 Qxd2 17. Rxd2 Bxb2 18. Rb1 Nxe4 19. Bxe4 Bc3 20. Rd3 Bg7 21.
Kg2 Rec8 22. Nb4 Kf8 23. Rbd1 a5 24. Nd5 b5 25. cxb5 Rxb5 26. R3d2 e6 27. Ne3
d5 28. Bd3 Bc6 29. Kf1 a4 30. Rb1 axb3 31. axb3 Rb6 32. Ra2 Rcb8 33. Ra6 Rxa6
34. Bxa6 Bc3 35. Bd3 Ke7 36. Nc2 Ba4 37. Nd4 Bd7 38. Nc2 Ba4 39. Nd4 Bd7 40.
Nc2 e5 41. h4 e4 42. Ne3 Bh3+ 43. Kg1 Be6 44. Bc2 f5 45. Ng2 Kd6 46. Nf4 Bf7
47. e3 Kc5 48. Ne2 Be5 49. Kf1 Kb4 50. Ke1 Ra8 51. Kd2 Ra2 52. Nd4 Be8 53. Ne2
Bb5 54. Nc1 Ra7 55. Ne2 Rc7 56. Nd4 Bxd4 57. exd4 Rxc2+ 0-1

[Event "XtraCon-Skakligaen"]
[Site "Denmark"]
[Date "2010.03.14"]
[Round "9.5"]
[White "Boe, Mads"]
[Black "Larsen, Karsten"]
[Result "1-0"]
[WhiteElo "2326"]
[BlackElo "2319"]
[PlyCount "81"]
[EventDate "2009.11.07"]
[EventType "team-tourn"]
[EventRounds "9"]
[WhiteTeam "Aarhus/skolerne"]
[BlackTeam "K41"]
[WhiteTeamCountry "DEN"]
[BlackTeamCountry "DEN"]

1. d4 Nf6 2. c3 g6 3. Bg5 Bg7 4. Nd2 d5 5. e3 O-O 6. Bd3 c5 7. f4 Qb6 8. Rb1
Nc6 9. Qe2 Ng4 10. Bh4 f6 11. h3 Nh6 12. Bf2 e5 13. dxc5 Qxc5 14. e4 d4 15.
Ngf3 Be6 16. Nb3 Bxb3 17. axb3 Qd6 18. fxe5 fxe5 19. O-O Nf7 20. b4 a6 21. Rbd1
Rad8 22. Bc4 Kh8 23. Bg3 Qe7 24. Bh4 g5 25. Bg3 Nd6 26. Bd5 Nb5 27. Rc1 h6 28.
Nh2 Nc7 29. Rxf8+ Rxf8 30. Rf1 Rxf1+ 31. Nxf1 Nb5 32. Be1 Qd6 33. Qg4 Ne7 34.
c4 Nc7 35. Ng3 b5 36. b3 bxc4 37. bxc4 Ncxd5 38. exd5 a5 39. Ne4 Qg6 40. d6 h5
41. Qxg5 1-0

[Event "XtraCon-Skakligaen"]
[Site "Denmark"]
[Date "2010.03.14"]
[Round "9.6"]
[White "Schmidt, Kristen"]
[Black "Pedersen, Finn"]
[Result "1/2-1/2"]
[WhiteElo "2281"]
[BlackElo "2334"]
[PlyCount "102"]
[EventDate "2009.11.07"]
[EventType "team-tourn"]
[EventRounds "9"]
[WhiteTeam "K41"]
[BlackTeam "Aarhus/skolerne"]
[WhiteTeamCountry "DEN"]
[BlackTeamCountry "DEN"]

1. e4 d5 2. exd5 Qxd5 3. Nc3 Qa5 4. d4 Nf6 5. Bc4 Bg4 6. f3 Bf5 7. Nge2 e6 8.
Bd2 c6 9. Nd5 Qd8 10. Nxf6+ Qxf6 11. Be3 Nd7 12. Qd2 Nb6 13. Bb3 h6 14. Bf4 Nd5
15. Bg3 Qg5 16. a3 Qxd2+ 17. Kxd2 O-O-O 18. c4 Nb6 19. Kc3 Be7 20. Be5 Nd7 21.
Bc2 Bxc2 22. Kxc2 Nxe5 23. dxe5 Kc7 24. Rad1 Kb6 25. b4 a5 26. Kb3 Kc7 27. Nc3
axb4 28. axb4 h5 29. Rxd8 Rxd8 30. Rd1 Rxd1 31. Nxd1 Bg5 32. g3 Bd2 33. Nf2 Be3
34. Nd3 g5 35. h3 b5 36. Kc3 Kb6 37. g4 h4 38. c5+ Kc7 39. Ne1 Kd7 40. Ng2 Bf2
41. Kd3 Ke7 42. Ke4 Bg3 43. f4 gxf4 44. Nxf4 Be1 45. Nd3 Bd2 46. Kd4 Kf8 47.
Ke4 Kg7 48. Kd4 Kg6 49. Ke4 Kh6 50. Kd4 Kg5 51. Ke4 Kg6 1/2-1/2